1958 1723 1885 1110 1414 1896 1063 1077 1736 1144 1312 1708 1441 1856 1559 1396 1899 1670 1280 1284 1690 1168 1256 1425 1951 1706 1314 1884 1668 1343 1606 1744 1858 1286 1195 1832 1751 1639 1245 1999 1634 1459 1117 1703 1081 1011 1785 1191 1170 1780 1048 1250 1611 1806 1954 1052 1509 1534 1853 1411 1283 1622 1178 1709 1291 1714 1099 1139 1853 1566 1751 1393 1128 1886 1164 1916 1718 1514 1351 1244 1712 1983 1922 1521 1068 1580 1704 1077 1900 1814 1259 1511 1268 1873 1248 1262 1075 1772 1367 BCNSPRNW ULIB Ver.6.0+V

เปลี่ยนเป็นภาษาไทย

Change to English
 แสดงรายละเอียดบรรณานุกรม
  กลับหน้าหลัก

Brief Record : Get Marc (ISO 2709) : E-mail record : QR code < ปิดหน้าต่าง
LEADER : 00000nam 2200000uu 4500
001    13399112333
003     ULIB
008    110627s||||||||th 000 0 tha d
020    9786160603619
090    นว.^bล711K มปป.
100 0  ลูกชุบ
245 00 Katrina obsession...รักติดชนวนร้าย/^cลูกชุบ
260    กรุงเทพฯ :^bแจ่มใส,^cมปป.
300    319 หน้า
710 1  แจ่มใส
945    ^p219^l0^i030395
995    ทศพร
999 ^a ใช้งานได้ทุกระบบ
รายการนี้ยังไม่มีแท็ก
คุณยังไม่ได้ล็อกอิน คุณสามารถมีกิจกรรมร่วมกับเว็บไซต์ได้ แต่ต้องล็อกอินก่อน ::
  ล็อกอิน

รายการสื่อสารสนเทศ

ลำดับที่ ประเภท เลขเรียก/บาร์โค้ด สถานที่ สถานะ
- ไม่พบข้อมูล -

รายการใกล้เคียง
    ผู้แต่ง [ลูกชุบ]

BibComment


ยังไม่เคยถูกคอมเมนท์

คอมเมนท์ทรัพยากรรายการนี้
  คอมเมนท์: Katrina obsession..


 Copyright 2026. Bcnsprnw @Library